| 000 | 00407nam a22001455i 4500 | ||
|---|---|---|---|
| 001 | 173044 | ||
| 003 | ES-MaACL | ||
| 005 | 20230906215121.0 | ||
| 008 | 091019s1903 sp |||| | spa d | ||
| 100 | 1 |
_aLarreta, Enrique. _970347 |
|
| 245 | 1 | 0 |
_aArtemÃs / _cEnrique RodrÃguez Larreta. |
| 260 |
_aMadrid : _b[s.n.], _c1903 ( _fImp. Fortanet) |
||
| 300 |
_a50 p. ; _c16 cm. |
||
| 852 |
_aES-MaACL _jT-1014-F-2 |
||
| 999 |
_c173044 _d173044 |
||